The desert and the blade : a novel of the Change / ... Read More
Available copies
- 2 of 2 copies available at LARL/NWRL Consortium.
- 1 of 1 copy available at Lake Agassiz Regional Library. (Show preferred library)
Current holds
0 current holds with 2 total copies.
Show Only Available Copies
| Location | Call Number / Copy Notes | Barcode | Shelving Location | Status | Due Date |
|---|---|---|---|---|---|
| Moorhead Public Library | SF STI (Text) | 33500013534706 | Main | Available | - |
| Greenbush Public Library | STI (Text) | 35500005673734 | Main | Available | - |
Record details
- ISBN: 9780451417367
- ISBN: 9780451417350 (hardcover)
- ISBN: 0451417356 (hardcover)
- Physical Description: pages ; cm.
- Publisher: New York, New York : Roc, published by the Penguin Group, [2015]
Content descriptions
| Summary, etc.: | "In his Novels of the Change, New York Times ... Read More |
Search for related items by subject
| Subject: | Regression (Civilization) > Fiction. Quests (Expeditions) > Fiction. Princesses > Fiction. Swords > Fiction. FICTION / Science Fiction / Adventure. FICTION / Science Fiction / General. |
| Genre: | Science fiction. Fantasy fiction. Alternative histories (Fiction) |
Search for related items by series
| LDR | 03265cam a22004818i 4500 | ||
|---|---|---|---|
| 001 | 187865 | ||
| 003 | LARL_NWRL_CONSORTIUM | ||
| 005 | 20220111163251.0 | ||
| 008 | 150413s2015 nyu 000 1 eng | ||
| 020 | . | ‡a9780451417367 | |
| 020 | . | ‡a9780451417350 (hardcover) | |
| 020 | . | ‡a0451417356 (hardcover) | |
| 035 | . | ‡a(OCoLC)907391440 | |
| 042 | . | ‡apcc | |
| 082 | 0 | 0. | ‡a813/.54 ‡223 |
| 084 | . | ‡aFIC028010 ‡aFIC028000 ‡2bisacsh | |
| 100 | 1 | . | ‡aStirling, S. M. ‡0(LARL_NWRL_CONSORTIUM)100396 |
| 245 | 1 | 4. | ‡aThe desert and the blade : ‡ba novel of the Change / ‡cS. M. Stirling. |
| 264 | 1. | ‡aNew York, New York : ‡bRoc, published by the Penguin Group, ‡c[2015] | |
| 300 | . | ‡apages ; cm. | |
| 336 | . | ‡atext ‡2rdacontent | |
| 337 | . | ‡aunmediated ‡2rdamedia | |
| 338 | . | ‡avolume ‡2rdacarrier | |
| 490 | 0 | . | ‡aChange |
| 490 | 0 | . | ‡aRudi's children, Emberverse V ; ‡v2 |
| 490 | 0 | . | ‡aEmberverse V ; ‡v2 |
| 520 | . | ‡a"In his Novels of the Change, New York Times bestselling author S.M. Stirling presents "a devastated, mystical world that will appeal to fans of traditional fantasy as well as post-apocalyptic SF."* Continuing their quest that began in The Golden Princess, two future rulers of a world without technology risk their lives seeking a fabled blade... Reiko, Empress of Japan, has allied herself with Princess Órlaith, heir to the High Kingdom of Montival, to find the Kusanagi-no-Tsurugi, the Grass-Cutting Sword, a legendary treasure of an ancient dynasty that confers valor and victory to its bearer. Órlaith understands all too well the power it signifies. Her own inherited blade, the Sword of the Lady, was both a burden and a danger to her father, Rudi Mackenzie, as it failed to save the king from being assassinated. But the fabled sword lies deep with the Valley of Death, and the search will be far from easy. And war is building, in Montival and far beyond. As Órlaith and Reiko encounter danger and wonder, Órlaith's mother, Queen Matildha, believes her daughter's alliance and quest has endangered the entire realm. There are factions both within and without Montival whose loyalty died with the king, and whispers of treachery and war grow ever louder. And the Malevolence that underlies the enemy will bend all its forces to destroy them. *Publishers Weekly (starred review)"-- ‡cProvided by publisher. | |
| 650 | 0. | ‡aRegression (Civilization) ‡vFiction. ‡0(LARL_NWRL_CONSORTIUM)167092 | |
| 650 | 0. | ‡aQuests (Expeditions) ‡vFiction. ‡0(LARL_NWRL_CONSORTIUM)166982 | |
| 650 | 0. | ‡aPrincesses ‡vFiction. ‡0(LARL_NWRL_CONSORTIUM)166712 | |
| 650 | 0. | ‡aSwords ‡vFiction. | |
| 650 | 7. | ‡aFICTION / Science Fiction / Adventure. ‡2bisacsh | |
| 650 | 7. | ‡aFICTION / Science Fiction / General. ‡2bisacsh | |
| 655 | 7. | ‡aScience fiction. ‡2gsafd | |
| 655 | 7. | ‡aFantasy fiction. ‡2gsafd | |
| 655 | 7. | ‡aAlternative histories (Fiction) ‡2gsafd | |
| 901 | . | ‡a187865 ‡bOCLC ‡c187865 ‡tbiblio | |

Add to basket
Permalink
Disable Highlighting